000 00270nam a2200121Ia 4500
008 190216s9999||||xx |||||||||||||| ||und||
100 _aMadambu Kunjukuttan
245 0 _aColony
260 _bDc Books
_c1982
300 _a143p
650 _aMalayalam Novel
942 _cBK
999 _c26539
_d26539